000 00747nam a2200133Ia 4500
008 171212s9999 xx 000 0 und d
020 _a9780874217391
245 _ceditor Snyder, LuAnn Faylor;Snyder, Phillip A.
_aPost-Manifesto Polygamy
_bThe 1899 to 1904 Correspondence of Helen, Owen and Avery Woodruff
260 _bUniversity Press of Colorado
_c2009
440 _aLife Writings of Frontier Women
650 _aHistory
650 _aPolygamy -- Religious aspects -- Church of Jesus Christ of Latter-day Saints; Polygamy -- Religious aspects -- Mormon Church; Woodruff, Abraham Owen, 1872-1904 -- Correspondence; Woodruff, Helen May Winters, b. 1873 -- Correspondence; Lambert, Eliza Avery
856 _uwww.jstor.org/stable/10.2307/j.ctt4cgs31
999 _c353152
_d353152